00671 2200193 4500001002100000005001500021035002000036245013900056100002600195250002000221300005900241856002200300700004700322260004300369082001100412084001700423020002200440600001500462INLIS00000000114847620260602090139 a0010-06260000091 aAlat Peraga Unik :bMelejitkan Prestasi Kreativitas Guru /cPenulis; Sarwinah dan Sugiarto, Lay Out; AB_Elhaq, Desain Sampul Candra AW0 aSarwinah dan Sugiarto aCetakan Pertama aviii, 136 halaman :bIlustrasi ;c17.5 x 25 cmeKertas aPerpustakaan Umum0 aLay Out; AB_Elhaq, Desain Sampul Candra AW aYogyakarta :bLentera Kreasindo,c2015 a371.33 a371.33 SAR a a978-602-1090-25-1 4aPendidikan